[Event "Portugal Open 2019"]
[Site "Lisbon"]
[Date "2019.02.05"]
[Round "5.24"]
[White "Gallardo Fernandez, Cesar"]
[Black "Di Nicolantonio, Lucas"]
[Result "0-1"]
[WhiteElo "2194"]
[BlackElo "2364"]
[Annotator "TA"]
[PlyCount "74"]
[EventDate "2019.01.25"]
[EventType "swiss"]
[EventCountry "POR"]
[SourceTitle "playchess.com"]
[Source "ChessBase"]
[SourceQuality "1"]

{[%evp 16,74,11,0,0,0,0,0,0,-3,-7,-27,0,0,0,0,49,58,70,44,111,74,140,42,155,142,138,141,195,191,167,134,176,0,68,82,229,209,433,412,416,440,411,402,362,-75,136,125,277,274,278,266,264,-198,-217,-202,-197,-29991,-29992,-29992,-29993]} 1. c4 f5 $146 ({Predecessor:} 1... e5 2. Nc3 d6 3. g3 g6 4. Bg2 Bg7 5. e3 f5 6. Nge2 Nf6 7. O-O c6 8. b3 O-O 9. Ba3 Re8 10. Rc1 Na6 11. d4 {1-0 (53) Felgaer,R (2591)-Socko,B (2630) Buenos Aires 2006}) 2. g3 Nf6 3. Bg2 g6 4. Nc3 Bg7 5. e3 d6 6. Nge2 O-O 7. d4 e5 8. O-O c6 9. b3 e4 {A21: English Opening: 1...e5 2 Nc3} 10. Ba3 Re8 11. Rc1 Na6 {The position is equal.} 12. b4 Nc7 13. Nf4 ({Predecessor:} 13. Qb3 Be6 14. b5 Qd7 15. bxc6 bxc6 {1-0 (53) Felgaer,R (2591)-Socko,B (2630) Buenos Aires 2006}) 13... b5 14. d5 $36 {[%mdl 2048] White is pushing.} g5 15. Nfe2 $1 cxd5 16. cxb5 Qd7 17. Bb2 $1 Qf7 (17... Bb7 $14) 18. h3 Ne6 ({Better is} 18... Rb8) 19. Qd2 ({White should play} 19. Nxd5 $16 Nxd5 20. Qxd5 {[%mdl 64] Double Attack}) 19... f4 ({Black should try} 19... Bb7 $14) 20. gxf4 $16 (20. Nxd5 $2 Nxd5 21. Qxd5 Bb7 $19) 20... gxf4 21. exf4 ({Avoid the trap} 21. Nxd5 $2 Nxd5 22. Bxg7 (22. Qxd5 $2 Bb7 $19) 22... Nxg7 $19) 21... Bb7 (21... d4 $16) 22. f5 $18 Nf8 23. Nd4 N8d7 24. f4 $2 (24. Nce2 $18) 24... exf3 (24... Nb6 $11) 25. Nxf3 $14 {aiming for Ng5.} Ne5 (25... h6 $16) 26. Ng5 $18 Qh5 $2 (26... Nc4 {was necessary.}) 27. Nxd5 Nxd5 28. Bxd5+ Bxd5 29. Qxd5+ Kh8 30. Ne6 $2 (30. h4 $1 $18) 30... Bf6 $2 {[#]} (30... Rg8 $1 $17 31. Rc7 Bf6+ 32. Kf2 Rac8 33. Rxc8 Rxc8) 31. Nf4 $1 $16 {[%cal Rf4h5]} Qh4 $2 (31... Qxf5 $16 32. Rc6 Rg8+ 33. Ng2 Qg5) 32. Kh1 $18 Rad8 33. Qg2 Rg8 34. Ng6+ $4 {[%mdl 8192]} (34. Qf2 $18 {avoids the disaster.}) 34... hxg6 $19 35. fxg6 Rxg6 {[#]} 36. Bxe5 $2 (36. Qxg6 $1 $19 {[%mdl 512]} Qxh3+ (36... Nxg6 37. Bxf6+) 37. Kg1 Nxg6 38. Bxf6+ Kg8 39. Bxd8) 36... Bxe5 37. Rc4 Qxc4 {[%mdl 64] Double Attack. Accuracy: White = 42%, Black = 31%.} 0-1

[Event "Portugal Open 2019"]
[Site "Lisbon"]
[Date "2019.02.05"]
[Round "5.25"]
[White "Miedema, David"]
[Black "Maisuradze, Nino"]
[Result "1-0"]
[WhiteElo "2356"]
[BlackElo "2186"]
[Annotator "RC"]
[PlyCount "139"]
[EventDate "2019.01.25"]
[EventType "swiss"]
[EventCountry "POR"]
[SourceTitle "playchess.com"]
[Source "ChessBase"]
[SourceQuality "1"]
[TimeControl "5400+30"]

1. e4 {[%emt 0:00:00]} c5 {[%emt 0:00:18]} 2. Nf3 {[%emt 0:00:00]} e6 {[%emt 0:03:20]} 3. d4 {[%emt 0:00:00]} cxd4 {[%emt 0:00:01]} 4. Nxd4 {[%emt 0:00:00]} a6 {[%emt 0:00:20]} 5. Bd3 {[%emt 0:00:05]} Nc6 {[%emt 0:05:59]} 6. Nxc6 {[%emt 0:01:00]} bxc6 {[%emt 0:01:47]} 7. O-O {[%emt 0:04:14]} Bc5 {[%emt 0:06:45]} 8. Qg4 {[%emt 0:03:45]} Qf6 {[%emt 0:04:24]} 9. Nc3 {[%emt 0:08:41]} e5 {[%emt 0:11:48]} 10. Qg3 {[%emt 0:07:50]} h6 {[%emt 0:12:40]} 11. Na4 {[%emt 0:01:01]} Ba7 {[%emt 0:01:59]} 12. Be3 {[%emt 0:00:15]} d6 {[%emt 0:00:32]} 13. Bc4 {[%emt 0:09:36]} Be6 {[%emt 0:06:15]} 14. Bxe6 {[%emt 0:04:20]} fxe6 {[%emt 0:00:07]} 15. Rad1 {[%emt 0:01:51]} Bb8 {[%emt 0:10:43]} 16. f4 {[%emt 0:02:32]} Ne7 {[%emt 0:01:52]} 17. fxe5 {[%emt 0:00:27]} Qxe5 {[%emt 0:00:17]} 18. Qxe5 {[%emt 0:06:09]} dxe5 {[%emt 0:00:01]} 19. Nc5 {[%emt 0:00:06]} Ba7 {[%emt 0:00:29]} 20. Nxe6 {[%emt 0:01:15]} Bxe3+ {[%emt 0:00:09]} 21. Kh1 {[%emt 0:00:03]} Bf4 {[%emt 0:07:46]} 22. Nc7+ {[%emt 0:00:30]} Kf7 {[%emt 0:00:06]} 23. Nxa8 {[%emt 0:00:04]} Rxa8 {[%emt 0:00:20]} 24. g3 {[%emt 0:00:05]} g5 {[%emt 0:00:11]} 25. Rd6 {[%emt 0:01:48]} Kg7 {[%emt 0:12:41]} 26. Re6 {[%emt 0:03:24]} Ng6 {[%emt 0:00:59]} 27. Rd1 {[%emt 0:01:23]} Nf8 {[%emt 0:00:41]} 28. Rxc6 {[%emt 0:00:08]} Be3 {[%emt 0:00:12]} 29. Rc3 {[%emt 0:04:07]} Bb6 {[%emt 0:01:45]} 30. Rb3 {[%emt 0:01:33]} Bd4 {[%emt 0:03:54]} 31. c3 {[%emt 0:00:05]} Be3 {[%emt 0:00:07]} 32. Rb7+ {[%emt 0:01:05]} Kf6 {[%emt 0:01:40]} 33. Rd3 {[%emt 0:00:29]} Bc5 {[%emt 0:00:09]} 34. b4 {[%emt 0:00:11]} Be7 {[%emt 0:00:19]} 35. Rb6+ {[%emt 0:00:05]} Kg7 {[%emt 0:00:45]} 36. Rb7 {[%emt 0:02:29]} Ng6 {[%emt 0:00:52]} 37. Rd6 {[%emt 0:00:31]} Rc8 {[%emt 0:02:02]} 38. Rxa6 {[%emt 0:08:50]} Rxc3 {[%emt 0:00:04]} 39. a4 {[%emt 0:00:40]} g4 {[%emt 0:02:22]} 40. Rxg6+ {[%emt 0:01:19]} Kxg6 {[%emt 0:00:03]} 41. Rxe7 {[%emt 0:00:04]} Rc1+ {[%emt 0:03:06]} 42. Kg2 {[%emt 0:00:03]} Rc2+ {[%emt 0:00:28]} 43. Kg1 {[%emt 0:00:03]} Rc1+ {[%emt 0:00:34]} 44. Kf2 {[%emt 0:00:11]} Kf6 {[%emt 0:00:32]} 45. Rd7 {[%emt 0:00:58]} Rc4 {[%emt 0:00:17]} 46. Rd6+ {[%emt 0:04:04]} Kg5 {[%emt 0:00:01]} 47. Rd2 {[%emt 0:00:18]} Rxb4 {[%emt 0:00:12]} 48. Ra2 {[%emt 0:00:03]} Rxe4 {[%emt 0:01:33]} 49. a5 {[%emt 0:00:04]} Rc4 {[%emt 0:00:08]} 50. a6 {[%emt 0:00:02]} Rc8 {[%emt 0:00:02]} 51. Ke3 {[%emt 0:00:09]} Kf5 {[%emt 0:00:16]} 52. a7 {[%emt 0:00:12]} Ra8 {[%emt 0:00:03]} 53. Ra6 {[%emt 0:00:12]} h5 {[%emt 0:00:07]} 54. Ra5 {[%emt 0:00:04]} h4 {[%emt 0:02:24]} 55. Ra6 {[%emt 0:00:12]} hxg3 {[%emt 0:00:14]} 56. hxg3 {[%emt 0:00:03]} e4 {[%emt 0:00:35]} 57. Ra5+ {[%emt 0:00:05]} Ke6 {[%emt 0:00:13]} 58. Kxe4 {[%emt 0:00:05]} Kd6 {[%emt 0:00:07]} 59. Kf4 {[%emt 0:00:05]} Kc6 {[%emt 0:00:05]} 60. Kxg4 {[%emt 0:00:12]} Kb7 {[%emt 0:00:55]} 61. Kf4 {[%emt 0:00:45]} Rf8+ {[%emt 0:00:03]} 62. Rf5 {[%emt 0:00:11]} Rg8 {[%emt 0:00:08]} 63. Rf7+ {[%emt 0:00:08]} Ka8 {[%emt 0:00:03]} 64. Rf6 {[%emt 0:00:36]} Kxa7 {[%emt 0:00:09]} 65. g4 {[%emt 0:00:22]} Kb7 {[%emt 0:00:01]} 66. g5 {[%emt 0:00:21]} Kc7 {[%emt 0:00:11]} 67. Kf5 {[%emt 0:00:20]} Kd7 {[%emt 0:00:49]} 68. Rf7+ {[%emt 0:00:04]} Ke8 {[%emt 0:00:34]} 69. Ra7 {[%emt 0:00:34]} Kf8 {[%emt 0:00:38]} 70. Ke4 1-0

[Event "Portugal Open 2019"]
[Site "Lisbon"]
[Date "2019.02.05"]
[Round "5.26"]
[White "Lisowski, Krzysztof"]
[Black "Rocha, Sergio"]
[Result "1/2-1/2"]
[WhiteElo "2135"]
[BlackElo "2354"]
[Annotator "NA RC"]
[PlyCount "95"]
[EventDate "2019.01.25"]
[EventType "swiss"]
[EventCountry "POR"]
[SourceTitle "playchess.com"]
[Source "ChessBase"]
[SourceQuality "1"]
[TimeControl "5400+30"]

1. e4 {[%emt 0:00:00]} c5 {[%emt 0:00:00]} 2. Nf3 {[%emt 0:00:00]} e6 {[%emt 0:00:00]} 3. g3 {[%emt 0:01:13]} d5 {[%emt 0:00:13]} 4. exd5 {[%emt 0:00:28]} Qxd5 {[%emt 0:00:12]} (4... exd5 5. d4 Nf6 6. Bg2 Be7 7. O-O O-O 8. dxc5 Bxc5 9. Nc3 Nc6 10. a3 Re8 11. b4 Bb6 12. Bg5 d4 13. Bxf6 Qxf6 14. Nd5 Qd8 15. Nd2 Be6 16. Nf4 Bf5 17. Nd3 Qc7 {1-0 (33) Zvjaginsev,V (2642)-Rublevsky,S (2652) Tula 2019}) 5. Nc3 {[%emt 0:08:06]} Qd8 {[%emt 0:00:32]} 6. d4 {[%emt 0:10:28] B40: Sicilian: 2...e6, Unusual lines} Nf6 {[%emt 0:00:50]} 7. Bg2 {[%emt 0:13:51]} Nc6 {[%emt 0:02:02]} 8. dxc5 $146 {[%emt 0:20:24]} ({Predecessor:} 8. Be3 Ng4 9. O-O Nxe3 10. fxe3 Be7 11. Ne4 Qa5 {½-½ (29) Horvath,Z (2381)-Tompa,J (2371) Hungary 2018}) 8... Qxd1+ {[%emt 0:00:59]} 9. Nxd1 {[%emt 0:03:35]} Bxc5 {[%emt 0:00:14]} 10. a3 {[%emt 0:06:16]} Bd7 {[%emt 0:10:21]} 11. b4 {[%emt 0:05:45]} Bd6 {[%emt 0:00:36]} 12. Bb2 {[%emt 0:00:48]} Ke7 {[%emt 0:00:18]} 13. Ne3 {[%emt 0:01:39]} Rhc8 {[%emt 0:00:31]} 14. O-O-O {[%emt 0:12:22]} Bc7 {[%emt 0:07:11]} 15. Rhe1 {[%emt 0:01:41]} Be8 {[%emt 0:03:06]} 16. Nf5+ {[%emt 0:04:42]} Kf8 {[%emt 0:00:08]} 17. Nd6 {[%emt 0:01:37]} Bxd6 $1 {[%emt 0:09:04]} 18. Rxd6 {[%emt 0:00:06]} Ke7 {[%emt 0:02:12]} 19. Rdd1 {[%emt 0:01:25]} a6 {[%emt 0:15:11]} 20. Nd4 {[%emt 0:04:28]} Nxd4 {[%emt 0:00:35]} 21. Bxd4 {[%emt 0:00:07]} Bc6 {[%emt 0:00:15]} 22. Bc5+ {[%emt 0:00:57]} Ke8 {[%emt 0:00:13]} 23. Bf1 {[%emt 0:00:57]} Be4 {[%emt 0:05:25]} 24. Rd2 {[%emt 0:00:25]} Bc6 {[%emt 0:03:13]} 25. Bd3 {[%emt 0:00:26]} Rd8 {[%emt 0:04:51]} 26. f4 {[%emt 0:00:32]} g6 {[%emt 0:00:33]} 27. f5 {[%emt 0:00:31]} gxf5 {[%emt 0:00:29]} 28. Bxf5 {[%emt 0:00:29]} Rxd2 {[%emt 0:00:08]} 29. Kxd2 {[%emt 0:00:01]} Rd8+ {[%emt 0:00:11]} 30. Kc1 {[%emt 0:00:29]} h5 {[%emt 0:02:34]} 31. Bd3 {[%emt 0:00:44]} Nd7 {[%emt 0:00:32]} 32. Bd4 {[%emt 0:00:51]} Ke7 {[%emt 0:05:41]} 33. Be2 {[%emt 0:00:25]} e5 {[%emt 0:06:25]} 34. Bxh5 {[%emt 0:00:14]} Ke6 {[%emt 0:00:44]} 35. g4 {[%emt 0:00:52]} Rh8 {[%emt 0:03:55]} 36. Bc3 {[%emt 0:00:27]} f6 {[%emt 0:01:45]} 37. Bd2 {[%emt 0:00:31]} Nb6 {[%emt 0:00:20]} 38. Bf4 {[%emt 0:00:29]} Nc4 {[%emt 0:03:02]} 39. Bg3 {[%emt 0:00:24]} Rh6 $11 {[%emt 0:01:51]} 40. Bf2 {[%emt 0:00:30]} Nxa3 {[%emt 0:01:10]} 41. Rd1 {[%emt 0:00:25]} Be4 {[%emt 0:01:19]} 42. Bc5 {[%emt 0:00:37]} Nc4 {[%emt 0:02:38]} 43. Rd8 {[%emt 0:00:09]} Rh7 {[%emt 0:00:29]} 44. Re8+ {[%emt 0:00:48]} Kd7 {[%emt 0:00:48]} 45. Rf8 {[%emt 0:00:16]} Ke6 {[%emt 0:01:20]} 46. Re8+ {[%emt 0:00:25]} Kd7 {[%emt 0:00:21]} 47. Rf8 {[%emt 0:00:23]} Ke6 {[%emt 0:01:28]} 48. Re8+ 1/2-1/2

[Event "Portugal Open 2019"]
[Site "Lisbon"]
[Date "2019.02.05"]
[Round "5.27"]
[White "Froewis, Annika"]
[Black "Plichta, Kamil"]
[Result "0-1"]
[WhiteElo "2104"]
[BlackElo "2347"]
[Annotator "NA"]
[PlyCount "104"]
[EventDate "2019.01.25"]
[EventType "swiss"]
[EventCountry "POR"]
[SourceTitle "playchess.com"]
[Source "ChessBase"]
[SourceQuality "1"]
[TimeControl "5400+30"]

{[%evp 16,95,54,32767,32767,32767,49,32767,32767,13,35,8,20,18,14,0,32767,0,0,0,-7,0,21,0,0,-8,-15,-14,32767,-8,0,-8,0,0,0,0,32767,-8,0,-27,32767,-56,0,0,32767,32767,0,32767,32767,32767,-95,32767,32767,-111,-84,32767,-104,32767,-127,-195,32767,32767,-186,-159,-123,32767,32767,-364,-392,-384,32767,32767,32767,32767,-611,32767,-759,-703,32767,32767,32767,-1300]} 1. e4 {[%emt 0:00:00]} Nf6 {[%emt 0:00:49]} 2. e5 {[%emt 0:00:00]} Nd5 {[%emt 0:00:05]} 3. c4 {[%emt 0:00:00]} Nb6 {[%emt 0:00:03]} 4. d4 {[%emt 0:00:00]} d6 {[%emt 0:00:04]} 5. exd6 {[%emt 0:00:00]} exd6 {[%emt 0:00:05]} 6. Nc3 {[%emt 0:00:01]} Be7 {[%emt 0:00:08]} 7. Bd3 {[%emt 0:01:08]} O-O {[%emt 0:00:31]} 8. Nge2 {[%emt 0:00:12]} Na6 {[%emt 0:00:06]} 9. b3 {[%emt 0:05:15]} c6 {[%emt 0:00:14]} 10. O-O {[%emt 0:00:52]} Nb4 {[%emt 0:00:41]} 11. Bb1 {[%emt 0:01:36]} d5 {[%emt 0:00:08]} 12. c5 {[%emt 0:04:24]} Nd7 {[%emt 0:00:47]} 13. a3 {[%emt 0:00:39]} Na6 $1 {[%emt 0:00:05]} 14. b4 {[%emt 0:10:08]} Nc7 {[%emt 0:00:29]} 15. Qd3 {[%emt 0:01:26]} g6 {[%emt 0:00:22]} 16. Bc2 {[%emt 0:12:09]} Nf6 {[%emt 0:05:43]} 17. Ng3 {[%emt 0:06:32]} b6 {[%emt 0:00:26]} 18. Re1 {[%emt 0:01:50]} bxc5 {[%emt 0:03:02]} 19. bxc5 {[%emt 0:00:46]} Ba6 {[%emt 0:03:24]} 20. Qd2 {[%emt 0:06:43]} Ne6 {[%emt 0:02:15]} 21. Na2 {[%emt 0:01:11]} Bc4 {[%emt 0:02:13]} 22. Nb4 {[%emt 0:01:11]} Qd7 {[%emt 0:03:40]} 23. Ba4 {[%emt 0:05:16]} Rfc8 {[%emt 0:02:20]} 24. Bb2 {[%emt 0:01:31]} Rab8 {[%emt 0:06:37]} 25. Bc3 {[%emt 0:01:58]} Bf8 {[%emt 0:11:01]} 26. Rab1 {[%emt 0:05:10]} Bg7 {[%emt 0:05:33]} 27. f3 $1 {[%emt 0:04:00]} h5 {[%emt 0:00:59]} 28. Nh1 {[%emt 0:02:16]} Kh7 {[%emt 0:01:28]} 29. Nf2 {[%emt 0:01:12]} Ng8 {[%emt 0:02:25]} 30. Kh1 {[%emt 0:02:11]} Ne7 {[%emt 0:00:51]} 31. Nh3 {[%emt 0:04:59]} Bh6 {[%emt 0:01:29]} 32. Qc2 {[%emt 0:02:48]} Nf5 {[%emt 0:01:09]} 33. Qf2 {[%emt 0:02:23]} Bg7 {[%emt 0:01:40]} 34. Rxe6 {[%emt 0:04:33]} fxe6 {[%emt 0:00:06]} 35. Ng5+ {[%emt 0:01:03]} Kg8 {[%emt 0:01:07]} 36. Re1 {[%emt 0:00:17]} a5 {[%emt 0:00:36]} 37. Nc2 {[%emt 0:03:56]} (37. Nxc6 $17 Rxc6 38. Bxc6 Qxc6 39. g4 hxg4 40. fxg4) 37... Re8 {[%emt 0:03:05]} 38. g4 {[%emt 0:02:36]} hxg4 {[%emt 0:00:55]} 39. fxg4 {[%emt 0:00:07] [#]} Nh6 $1 {[%emt 0:00:12]} 40. Qg3 {[%emt 0:00:34]} Bb3 {[%emt 0:01:13]} 41. Bxb3 {[%emt 0:02:39]} Rxb3 {[%emt 0:00:06]} 42. Qd3 {[%emt 0:00:25]} Nf7 {[%emt 0:01:38]} 43. Nf3 {[%emt 0:01:22]} e5 {[%emt 0:00:54]} 44. dxe5 {[%emt 0:00:50]} Qxg4 {[%emt 0:02:20]} 45. Ncd4 {[%emt 0:01:37]} Nxe5 {[%emt 0:02:50]} 46. Nxe5 {[%emt 0:00:41]} Rxc3 {[%emt 0:00:10]} 47. Qxc3 {[%emt 0:01:25]} Rxe5 {[%emt 0:00:47]} 48. Nxc6 $19 {[%emt 0:01:33]} Re2 {[%emt 0:00:09]} 49. Ne7+ {[%emt 0:00:30]} Rxe7 {[%emt 0:00:06]} 50. Qd2 {[%emt 0:00:32]} Qf3+ {[%emt 0:00:06]} 51. Kg1 {[%emt 0:00:07]} Bd4+ {[%emt 0:00:15]} 52. Qxd4 {[%emt 0:00:06]} Rxe1# {[%emt 0:00:04]} 0-1

[Event "Portugal Open 2019"]
[Site "Lisbon"]
[Date "2019.02.05"]
[Round "5.28"]
[White "Aguera Naredo, Javier"]
[Black "Terryn, Ezra"]
[Result "1/2-1/2"]
[WhiteElo "2346"]
[BlackElo "2116"]
[Annotator "TA"]
[PlyCount "147"]
[EventDate "2019.01.25"]
[EventType "swiss"]
[EventCountry "POR"]
[SourceTitle "playchess.com"]
[Source "ChessBase"]
[SourceQuality "1"]

{[%evp 21,147,50,51,0,10,0,0,0,0,-17,-16,-24,-25,-21,-20,-56,-6,-18,-19,-43,-19,-19,-13,-22,-21,-24,0,0,0,0,22,0,0,0,0,0,0,0,0,0,0,0,12,0,12,12,12,17,19,19,27,0,0,0,0,-8,-8,-8,-8,-8,-8,-8,0,-8,1910,1871,1735,1803,1722,1539,1227,60,60,60,60,60,60,60,70,79,79,90,79,79,79,79,79,79,79,79,79,79,81,60,60,60,60,60,60,60,60,60,60,60,60,60,60,60,60,60,60,60,73,0,0,0,60,60,60,60,60,60,60,60,60,60,60,0]} 1. e4 c5 2. Nf3 e6 3. d4 cxd4 4. Nxd4 Nc6 5. Nc3 Qc7 6. g3 a6 7. Bg2 Nf6 8. O-O Nxd4 9. Qxd4 Bc5 10. Bf4 d6 11. Qd2 h6 12. Na4 {B47: Sicilian: Taimanov: 5 Nc3 Qc7 6 f4, 6 g3 and 6 Be2} (12. Rad1 e5 13. Be3 Bg4 14. Bxc5 dxc5 15. Qd6 Qxd6 16. Rxd6 Nd7 17. f4 O-O-O 18. Nd5 Be6 19. Rd1 Nf6 20. fxe5 Nd7 21. Nf4 Nxe5 22. Nxe6 fxe6 {½-½ (30) Balogh,C (2629)-Miton,K (2590) Slovakia 2018}) 12... e5 13. Nxc5 dxc5 14. Be3 {The position is equal.} Ng4 15. Rad1 O-O 16. Rfe1 Be6 17. Qc3 Nxe3 18. Rxe3 c4 $146 ({Predecessor:} 18... Rad8 19. Red3 b5 {0-1 (38) Gachon,L (2305)-Illescas Cordoba,M (2495) Montpellier 1988}) 19. a3 Rfd8 20. Ree1 Rxd1 21. Rxd1 Rd8 22. Rd2 Rxd2 (22... b5 {is more complex.} 23. Bf3 Rxd2 24. Qxd2 a5 25. c3 Qc6) 23. Qxd2 c3 24. Qxc3 Qxc3 25. bxc3 $11 {[%mdl 4096] Endgame KB-KB} Kf8 26. Kf1 Ke7 27. Ke2 Kd6 28. h4 Kc5 29. Kd2 Bd7 30. Bf1 Bg4 31. Bd3 Kb6 32. f4 Ka5 33. Bc4 f6 $1 34. Bd5 b6 {[%cal Bb7b6,Bb6b5,Bb5b4][%mdl 32]} 35. Bc6 Be6 36. Kd3 b5 $1 37. Bd5 Bc8 38. c4 {[%cal Bc3c4,Bc4c5,Bc5c6][%mdl 32]} b4 $1 39. c5 $1 bxa3 40. Kc3 $1 Kb5 41. c6 a5 42. Kb3 {aiming for f5.} Kb6 $2 {[%mdl 8192] [#]} (42... a2 $11 43. Kxa2 Bg4) 43. f5 $1 $18 Ba6 {[#]} 44. c4 $1 Bxc4+ 45. Bxc4 Kxc6 46. Kxa3 $2 {KB-KP} (46. Kc2 $18 Kb6 47. Kc3) 46... Kc5 $14 47. Bd5 {Hoping for h5.} (47. Bb3 {seems wilder.} Kd4 48. Bd5 Ke3 49. h5 Kf2 50. Ka4) 47... Kd4 $1 48. Ka4 {Threatens to win with h5.} Ke3 $1 49. Kxa5 {h5 is the strong threat.} Kf3 50. h5 {Strongly threatening Kb5.} Kxg3 51. Kb4 Kg4 52. Kc3 {And now Bf7 would win.} Kxh5 53. Kd2 Kg4 54. Ke3 Kg3 55. Bf7 Kg4 56. Bb3 Kg3 57. Bd1 Kg2 $1 58. Be2 Kg3 59. Bf3 Kh3 60. Kf2 Kh4 61. Kg2 Kg5 62. Kg3 {Black must now prevent Bg4.} g6 63. fxg6 Kxg6 {KB-K3P} 64. Bg4 $1 Kg5 65. Bf5 h5 66. Kh3 h4 $1 67. Bg4 Kf4 68. Bf5 Kg5 69. Kh2 {White is slightly better.} Kf4 70. Kg2 Kg5 71. Kf3 Kh5 72. Ke2 Kg5 73. Ke3 Kh5 74. Ke2 {Accuracy: White = 61%, Black = 74%.} (74. Kf3 $14) 1/2-1/2

[Event "Portugal Open 2019"]
[Site "Lisbon"]
[Date "2019.02.05"]
[Round "5.29"]
[White "Gjestemoen-VonHirsch, Andre"]
[Black "Pantzar, Milton"]
[Result "0-1"]
[WhiteElo "2038"]
[BlackElo "2331"]
[Annotator "NA RC"]
[PlyCount "60"]
[EventDate "2019.01.25"]
[EventType "swiss"]
[EventCountry "POR"]
[SourceTitle "playchess.com"]
[Source "ChessBase"]
[SourceQuality "1"]
[TimeControl "5400+30"]

{[%evp 8,55,15,6,0,32767,32767,32767,32767,-20,32767,-35,32767,-72,-25,-50,-72,-93,-55,-68,-52,-72,-81,-198,32767,-280,-293,-289,-268,-319,-300,-468,-463,32767,32767,-954,-1120,32767,32767,-29987,-1495,32767,-1207,-1106,-1307,32767,32767,32767,32767,-29992]} 1. d4 {[%emt 0:00:00]} Nf6 {[%emt 0:00:00]} 2. Bf4 {[%emt 0:00:00]} d5 {[%emt 0:00:05]} 3. e3 {[%emt 0:00:00]} e6 {[%emt 0:00:23]} 4. Nf3 {[%emt 0:00:29]} c5 {[%emt 0:00:21] LiveBook: 881 Games} 5. c3 {[%emt 0:00:04]} Be7 {[%emt 0:00:29]} 6. Nbd2 {[%emt 0:01:05]} O-O {[%emt 0:00:11]} 7. Bd3 {[%emt 0:00:17]} Nh5 {[%emt 0:01:24]} 8. Bg3 {[%emt 0:04:32]} g6 {[%emt 0:00:40]} 9. Bxb8 {[%emt 0:08:31]} Rxb8 {[%emt 0:00:23]} 10. g4 {[%emt 0:00:38]} Nf6 {[%emt 0:14:17]} 11. Ne5 {[%emt 0:04:07]} Nd7 {[%emt 0:01:02]} 12. h4 {[%emt 0:12:48]} cxd4 {[%emt 0:05:58]} 13. cxd4 {[%emt 0:08:35]} Nxe5 {[%emt 0:05:06]} 14. dxe5 {[%emt 0:00:47]} d4 {[%emt 0:02:34]} ({But not} 14... Bxh4 15. Qf3 $11) 15. g5 {[%emt 0:11:16]} (15. e4 $15) 15... dxe3 {[%emt 0:04:10]} 16. Ne4 {[%emt 0:02:12]} Qa5+ {[%emt 0:02:33]} 17. Kf1 {[%emt 0:10:49]} Qxe5 {[%emt 0:01:13]} 18. Qg4 {[%emt 0:01:17]} Bd7 {[%emt 0:17:57]} 19. h5 {[%emt 0:05:18]} (19. Re1 $142) 19... Bc6 {[%emt 0:06:49]} 20. Qh4 {[%emt 0:05:24]} Bxe4 {[%emt 0:01:28]} 21. Bxe4 {[%emt 0:02:23]} (21. Qxe4 $142 Qxb2 {[%mdl 64] Double Attack} 22. Kg2 Qxf2+ 23. Kh3) 21... Bxg5 {[%emt 0:03:40]} 22. Qg4 {[%emt 0:00:51]} Qxb2 {[%emt 0:05:39]} 23. fxe3 {[%emt 0:01:11]} Qxa1+ {[%emt 0:00:41]} (23... f5 $142 24. Qe2 fxe4+ 25. Ke1 Qxa1+ 26. Qd1 Qf6 27. Qd4 Qf2+ 28. Kd1 Rfd8 29. Kc1 Rxd4 30. Kb1 Rb4+ 31. Kc1 Bxe3+ 32. Kd1 Rd8#) 24. Kg2 {[%emt 0:00:40]} Qb2+ {[%emt 0:00:59]} 25. Kh3 {[%emt 0:01:01]} f5 {[%emt 0:03:55]} 26. Qxg5 {[%emt 0:01:05]} fxe4 {[%emt 0:00:23]} 27. hxg6 {[%emt 0:00:04]} Rf3+ {[%emt 0:00:42]} 28. Kh4 {[%emt 0:00:48]} Qf2+ {[%emt 0:00:48]} 29. Kh5 {[%emt 0:00:21]} Rf5 {[%emt 0:00:27]} 30. gxh7+ {[%emt 0:00:05]} Kf7 {[%emt 0:01:11]} 0-1